Civil Court service 2012 (Record no. 7272)

MARC details
000 -LEADER
fixed length control field 00553nam a22001697a 4500
008 - FIXED-LENGTH DATA ELEMENTS--GENERAL INFORMATION
fixed length control field 120912t xxu||||| |||| 00| 0 eng d
020 ## - INTERNATIONAL STANDARD BOOK NUMBER
International Standard Book Number 9-7818-4661-2800
082 ## - DEWEY DECIMAL CLASSIFICATION NUMBER
Edition number 18 ed.
Classification number 347.01 CIV
245 ## - TITLE STATEMENT
Title Civil Court service 2012
260 ## - PUBLICATION, DISTRIBUTION, ETC. (IMPRINT)
Place of publication, distribution, etc Bristol :
Name of publisher, distributor, etc Jordan publishing ltd.
Date of publication, distribution, etc 2011
300 ## - PHYSICAL DESCRIPTION
Extent cxv. ; 321 4 p. :
Dimensions 24 cm.
Accompanying material CD
500 ## - GENERAL NOTE
General note Includes Index
650 ## - SUBJECT ADDED ENTRY--TOPICAL TERM
Source of heading or term Civil procedure -- England -- Handbooks, manuals, etc
650 ## - SUBJECT ADDED ENTRY--TOPICAL TERM
Source of heading or term Civil procedure -- Wales -- Handbooks, manuals, etc ;
650 ## - SUBJECT ADDED ENTRY--TOPICAL TERM
Source of heading or term Civil court service
942 ## - ADDED ENTRY ELEMENTS (KOHA)
Source of classification or shelving scheme Dewey Decimal Classification
Item type Books
Holdings
Withdrawn status Lost status Source of classification or shelving scheme Damaged status Not for loan Home library Current library Shelving location Date acquired Total Checkouts Full call number Date last seen Copy number Price effective from Koha item type
    Dewey Decimal Classification     Law Development Centre Main Library Law Development Centre Main Library Text Books and Laws 07/02/2015   347.01 CIV 07/02/2015 001 07/02/2015 Books